000 00787nab a2200241 u 4500
001 16498
003 HDC
007 cr bn ---aaaaa
008 210221c20110626xx dr|noo 0 a eng d
040 _aHDC
245 0 _aIndia: Intertek responds to Indian Halal demand
260 _a[No place] :
_b[publisher not identified],
_c2011
336 _atext
_2rdacontent
337 _acomputer
_2rdamedia
338 _aonline resource
_2rdacarrier
650 _aHalal industry
_zIndia
_916273
650 _aHalal products
_9642
710 _aHalal Focus
856 _zRequest full-text at [email protected]
942 _2lcc
942 _cNEWS
942 _kNWSO 005710
999 _c13814
_d13814